000 00678cam a2200265 4500
008 011024n2001 000 0 eng u
020 _a0860175391
035 _a(Sirsi) u115283
050 _a696.1
100 _aLeggett, D. J.
245 _aRainwater and greywater use in buildings :Best practice guidance
260 _aLondon
_bCIRIA
_c2001
300 _a121; 30cm.
350 _a45.00
490 _aCIRIA
_vC539
650 _aRAINWATER
650 _aGREYWATER
650 _aWATER CONSERVATION
650 _aSustainability
_96271
650 _aWATER QUALITY
690 _aBUILT ENVIRONMENT
700 _aBrown, R.
700 _aStanfield, G.
942 _n0
999 _c101746
_d101746